<?xml version="1.0" encoding="UTF-8"?>
<record
    xmlns:xsi="http://www.w3.org/2001/XMLSchema-instance"
    xsi:schemaLocation="http://www.loc.gov/MARC21/slim http://www.loc.gov/standards/marcxml/schema/MARC21slim.xsd"
    xmlns="http://www.loc.gov/MARC21/slim">

  <leader>00703nam a2200229Ia 4500</leader>
  <datafield tag="999" ind1=" " ind2=" ">
    <subfield code="c">2639</subfield>
    <subfield code="d">2639</subfield>
  </datafield>
  <controlfield tag="008">230120s2022||||ii ad||gd|||||||1 ||und||</controlfield>
  <datafield tag="020" ind1=" " ind2=" ">
    <subfield code="a">9789354640285</subfield>
    <subfield code="c">Rs. 849.00</subfield>
  </datafield>
  <datafield tag="040" ind1=" " ind2=" ">
    <subfield code="a">KO</subfield>
    <subfield code="b">eng</subfield>
  </datafield>
  <datafield tag="041" ind1="0" ind2=" ">
    <subfield code="a">eng</subfield>
  </datafield>
  <datafield tag="082" ind1="0" ind2="4">
    <subfield code="a">338.5024658</subfield>
    <subfield code="b">Sa499</subfield>
    <subfield code="2">23</subfield>
  </datafield>
  <datafield tag="100" ind1="1" ind2=" ">
    <subfield code="a">Samuelson, William F.</subfield>
  </datafield>
  <datafield tag="245" ind1="1" ind2="0">
    <subfield code="a">Managerial Economics: An Indian Adaptation / </subfield>
  </datafield>
  <datafield tag="250" ind1=" " ind2=" ">
    <subfield code="a">9th ed.</subfield>
  </datafield>
  <datafield tag="260" ind1=" " ind2=" ">
    <subfield code="a">New Delhi : </subfield>
    <subfield code="b">Wiley India Pvt Ltd.,</subfield>
    <subfield code="c">2022</subfield>
  </datafield>
  <datafield tag="300" ind1=" " ind2=" ">
    <subfield code="a">xxiv, 528 p.</subfield>
    <subfield code="b"> : </subfield>
    <subfield code="c">; 26 cm.</subfield>
  </datafield>
  <datafield tag="650" ind1=" " ind2="0">
    <subfield code="a">Managerial economics</subfield>
    <subfield code="v">Textbooks</subfield>
  </datafield>
  <datafield tag="700" ind1="1" ind2=" ">
    <subfield code="a">Marks,  Stephen G.</subfield>
    <subfield code="e">aut</subfield>
  </datafield>
  <datafield tag="700" ind1="1" ind2=" ">
    <subfield code="a">Zagorsky, Jay L.</subfield>
    <subfield code="e">aut</subfield>
  </datafield>
  <datafield tag="852" ind1=" " ind2=" ">
    <subfield code="a">KO</subfield>
  </datafield>
  <datafield tag="904" ind1=" " ind2=" ">
    <subfield code="a">A_BOSE</subfield>
  </datafield>
  <datafield tag="942" ind1=" " ind2=" ">
    <subfield code="c">BK</subfield>
  </datafield>
  <datafield tag="952" ind1=" " ind2=" ">
    <subfield code="0">0</subfield>
    <subfield code="1">0</subfield>
    <subfield code="2">ddc</subfield>
    <subfield code="4">0</subfield>
    <subfield code="6">338_502465800000000_SA499</subfield>
    <subfield code="7">0</subfield>
    <subfield code="8">MANS</subfield>
    <subfield code="9">7193</subfield>
    <subfield code="a">KO</subfield>
    <subfield code="b">KO</subfield>
    <subfield code="c">GEN</subfield>
    <subfield code="d">2023-01-20</subfield>
    <subfield code="e">M/S Technical Bureau India Pvt. Ltd (Inv. No. TB2811 Dt. 2023-01-14)</subfield>
    <subfield code="g">849.00</subfield>
    <subfield code="l">1</subfield>
    <subfield code="o">338.5024658 Sa499</subfield>
    <subfield code="p">BK005906</subfield>
    <subfield code="r">2023-12-26</subfield>
    <subfield code="s">2023-12-04</subfield>
    <subfield code="y">BK</subfield>
    <subfield code="z">Gen. Shelf-4, Row-6</subfield>
  </datafield>
  <datafield tag="952" ind1=" " ind2=" ">
    <subfield code="0">0</subfield>
    <subfield code="1">0</subfield>
    <subfield code="2">ddc</subfield>
    <subfield code="4">0</subfield>
    <subfield code="6">338_502465800000000_SA499</subfield>
    <subfield code="7">0</subfield>
    <subfield code="8">MANS</subfield>
    <subfield code="9">7194</subfield>
    <subfield code="a">KO</subfield>
    <subfield code="b">KO</subfield>
    <subfield code="c">GEN</subfield>
    <subfield code="d">2023-01-20</subfield>
    <subfield code="e">M/S Technical Bureau India Pvt. Ltd (Inv. No. TB2811 Dt. 2023-01-14)</subfield>
    <subfield code="g">849.00</subfield>
    <subfield code="l">1</subfield>
    <subfield code="m">1</subfield>
    <subfield code="o">338.5024658 Sa499</subfield>
    <subfield code="p">BK005907</subfield>
    <subfield code="r">2023-12-20</subfield>
    <subfield code="s">2023-12-04</subfield>
    <subfield code="y">BK</subfield>
    <subfield code="z">Gen. Shelf-4, Row-6</subfield>
  </datafield>
  <datafield tag="952" ind1=" " ind2=" ">
    <subfield code="0">0</subfield>
    <subfield code="1">0</subfield>
    <subfield code="2">ddc</subfield>
    <subfield code="4">0</subfield>
    <subfield code="6">338_502465800000000_SA499</subfield>
    <subfield code="7">0</subfield>
    <subfield code="8">MANS</subfield>
    <subfield code="9">7195</subfield>
    <subfield code="a">KO</subfield>
    <subfield code="b">KO</subfield>
    <subfield code="c">GEN</subfield>
    <subfield code="d">2023-01-20</subfield>
    <subfield code="e">M/S Technical Bureau India Pvt. Ltd (Inv. No. TB2811 Dt. 2023-01-14)</subfield>
    <subfield code="g">849.00</subfield>
    <subfield code="l">1</subfield>
    <subfield code="m">1</subfield>
    <subfield code="o">338.5024658 Sa499</subfield>
    <subfield code="p">BK005908</subfield>
    <subfield code="r">2023-12-20</subfield>
    <subfield code="s">2023-12-04</subfield>
    <subfield code="y">BK</subfield>
    <subfield code="z">Gen. Shelf-4, Row-6</subfield>
  </datafield>
  <datafield tag="952" ind1=" " ind2=" ">
    <subfield code="0">0</subfield>
    <subfield code="1">0</subfield>
    <subfield code="2">ddc</subfield>
    <subfield code="4">0</subfield>
    <subfield code="6">338_502465800000000_SA499</subfield>
    <subfield code="7">0</subfield>
    <subfield code="8">MANS</subfield>
    <subfield code="9">7196</subfield>
    <subfield code="a">KO</subfield>
    <subfield code="b">KO</subfield>
    <subfield code="c">GEN</subfield>
    <subfield code="d">2023-01-20</subfield>
    <subfield code="e">M/S Technical Bureau India Pvt. Ltd (Inv. No. TB2811 Dt. 2023-01-14)</subfield>
    <subfield code="g">849.00</subfield>
    <subfield code="l">2</subfield>
    <subfield code="o">338.5024658 Sa499</subfield>
    <subfield code="p">BK005909</subfield>
    <subfield code="r">2023-12-15</subfield>
    <subfield code="s">2023-12-04</subfield>
    <subfield code="y">BK</subfield>
    <subfield code="z">Gen. Shelf-4, Row-6</subfield>
  </datafield>
  <datafield tag="952" ind1=" " ind2=" ">
    <subfield code="0">0</subfield>
    <subfield code="1">0</subfield>
    <subfield code="2">ddc</subfield>
    <subfield code="4">0</subfield>
    <subfield code="6">338_502465800000000_SA499</subfield>
    <subfield code="7">0</subfield>
    <subfield code="8">MANS</subfield>
    <subfield code="9">7197</subfield>
    <subfield code="a">KO</subfield>
    <subfield code="b">KO</subfield>
    <subfield code="c">GEN</subfield>
    <subfield code="d">2023-01-20</subfield>
    <subfield code="e">M/S Technical Bureau India Pvt. Ltd (Inv. No. TB2811 Dt. 2023-01-14)</subfield>
    <subfield code="g">849.00</subfield>
    <subfield code="l">2</subfield>
    <subfield code="o">338.5024658 Sa499</subfield>
    <subfield code="p">BK005910</subfield>
    <subfield code="r">2024-09-23</subfield>
    <subfield code="s">2024-09-23</subfield>
    <subfield code="y">BK</subfield>
    <subfield code="z">Gen. Shelf-4, Row-6</subfield>
  </datafield>
  <datafield tag="952" ind1=" " ind2=" ">
    <subfield code="0">0</subfield>
    <subfield code="1">0</subfield>
    <subfield code="2">ddc</subfield>
    <subfield code="4">0</subfield>
    <subfield code="6">338_502465800000000_SA499</subfield>
    <subfield code="7">0</subfield>
    <subfield code="8">MANS</subfield>
    <subfield code="9">7198</subfield>
    <subfield code="a">KO</subfield>
    <subfield code="b">KO</subfield>
    <subfield code="c">GEN</subfield>
    <subfield code="d">2023-01-20</subfield>
    <subfield code="e">M/S Technical Bureau India Pvt. Ltd (Inv. No. TB2811 Dt. 2023-01-14)</subfield>
    <subfield code="g">849.00</subfield>
    <subfield code="l">1</subfield>
    <subfield code="m">1</subfield>
    <subfield code="o">338.5024658 Sa499</subfield>
    <subfield code="p">BK005911</subfield>
    <subfield code="r">2023-12-26</subfield>
    <subfield code="s">2023-11-30</subfield>
    <subfield code="y">BK</subfield>
    <subfield code="z">Gen. Shelf-4, Row-6</subfield>
  </datafield>
</record>
